Theoretical Models of Financing Tertiary Education and Its Application on Example of Slovakia

Financovanie vysokoškolského vzdelávania na Slovensku. Vzdelávacia politika v SR. Modely financovania vyššieho vzdelávania z hľadiska teórie a praxe.

Guardado en:
Detalles Bibliográficos
Autor principal: Belkovicsová, Daša, 1982-
Formato: Capítulo de libro
Lenguaje:inglés
Materias:
Etiquetas: Agregar Etiqueta
Sin Etiquetas, Sea el primero en etiquetar este registro!

MARC

LEADER 00000naa$a2200000$$$4500
001 0279016
005 20240502083847.0
041 0 |a eng 
044 |a PL 
245 1 0 |a Theoretical Models of Financing Tertiary Education and Its Application on Example of Slovakia 
520 |a Financovanie vysokoškolského vzdelávania na Slovensku. Vzdelávacia politika v SR. Modely financovania vyššieho vzdelávania z hľadiska teórie a praxe. 
610 2 0 |a školy vysoké 
610 2 0 |a vzdelávanie vysokoškolské 
610 2 0 |a financovanie 
610 2 0 |a poplatky 
610 2 0 |a Slovensko 
100 1 |a Belkovicsová, Daša, 1982-